Statistiques concernant Pays participant à la coupe des Confédérations - Russie 2017

Cliquez ici pour prendre le quiz!

Statistiques générales

  • Ce quiz a été pris 89 fois
  • Le résultat moyen est 6 sur 8

Statistiques - réponses

Moyens de se qualifierPays% Correct
Pays HôteRussie
100%
Vainqueur Coupe du MondeAllemagne
94%
Vainqueur Euro UEFAPortugal
94%
Vainqueur Copa AmericaChili
86%
Vainqueur de la coupe OFC (Coupe d'Océanie)Nouvelle-Zélande
65%
Vainqueur AFC Coupe d'AsieAustralie
64%
Vainqueur de la CAF Coupe d'Afrique des NationsCameroun
64%
Vainqueur de la coupe CONCACAFMexique
57%

Distribution des résultats

Percentile par nombre de réponses

% des personnes avec chaque résultat

Votre développement - résultats

Vous n’avez pas pris ce quiz